Návrhy na zlepšenie a skvalitnenie služieb poskytovaných v stredisku Termálne kúpalisko Podhájska prostredníctvom inovácií

Teoretické vymedzenie pojmov cestovný ruch a inovácie. Výsledky prieskumu názorov jednotlivých klientov na poskytované služby v danom podniku cestovného ruchu.

Salvato in:
Dettagli Bibliografici
Autore principale: Gondárová, Jana, 1983-
Altri autori: Jelšíková, Martina
Natura: Capitolo di libro
Lingua:slovacco
Soggetti:
Tags: Aggiungi Tag
Nessun Tag, puoi essere il primo ad aggiungerne!!

MARC

LEADER 00000nla$a2200000$$$4500
001 0124991
005 20240502072424.0
041 0 |a slo 
044 |a SK 
245 1 0 |a Návrhy na zlepšenie a skvalitnenie služieb poskytovaných v stredisku Termálne kúpalisko Podhájska prostredníctvom inovácií  |c Jana Gondárová, Martina Jelšíková 
520 |a Teoretické vymedzenie pojmov cestovný ruch a inovácie. Výsledky prieskumu názorov jednotlivých klientov na poskytované služby v danom podniku cestovného ruchu. 
610 2 0 |a ruch cestovný 
610 2 0 |a ruch cestovný domáci 
610 2 0 |a inovácia 
610 2 0 |a pojmy 
610 2 0 |a kúpele 
610 2 0 |a služby 
610 2 0 |a Slovensko 
100 1 |a Gondárová, Jana, 1983- 
700 1 |a Jelšíková, Martina